000 00759 a2200217 4500
003 NUST
020 _a0471407755
038 _aA
040 _aDLC
_bDLC
082 0 0 _a910
100 1 _aDe Blij, Harm J.
_99997
245 1 0 _aGeography : realms, regions, and concepts
_brealms, regions, and concepts
_cH.J. de Blij, Peter O. Muller.
250 _a10th ed.
260 _aNew York :
_bJ. Wiley & Sons,
_cc2002.
300 _axxv, 563 p. :
_bcol. ill., col. maps ;
_c29 cm.
650 0 _aGeography.
_97902
700 1 _aMuller, Peter O.
_99998
856 4 2 _3Publisher description
_uhttp://www.loc.gov/catdir/description/wiley034/2001276580.html
856 4 2 _3Table of contents
_uhttp://www.loc.gov/catdir/toc/wiley021/2001276580.html
942 _cBK
_k910 BLI
_2ddc
999 _c5089
_d5089